<?xml version="1.0" encoding="UTF-8"?><?xml-stylesheet type="text/xsl" href="static/style.xsl"?><OAI-PMH xmlns="http://www.openarchives.org/OAI/2.0/" xmlns:xsi="http://www.w3.org/2001/XMLSchema-instance" xsi:schemaLocation="http://www.openarchives.org/OAI/2.0/ http://www.openarchives.org/OAI/2.0/OAI-PMH.xsd"><responseDate>2026-04-14T19:23:34Z</responseDate><request verb="GetRecord" identifier="oai:uvadoc.uva.es:10324/76166" metadataPrefix="marc">https://uvadoc.uva.es/oai/request</request><GetRecord><record><header><identifier>oai:uvadoc.uva.es:10324/76166</identifier><datestamp>2025-07-07T08:01:58Z</datestamp><setSpec>com_10324_38</setSpec><setSpec>col_10324_852</setSpec></header><metadata><record xmlns="http://www.loc.gov/MARC21/slim" xmlns:doc="http://www.lyncode.com/xoai" xmlns:xsi="http://www.w3.org/2001/XMLSchema-instance" xmlns:dcterms="http://purl.org/dc/terms/" xsi:schemaLocation="http://www.loc.gov/MARC21/slim http://www.loc.gov/standards/marcxml/schema/MARC21slim.xsd">
<leader>00925njm 22002777a 4500</leader>
<datafield tag="042" ind1=" " ind2=" ">
<subfield code="a">dc</subfield>
</datafield>
<datafield tag="720" ind1=" " ind2=" ">
<subfield code="a">Hernández Barredo, Licinia Lucía</subfield>
<subfield code="e">author</subfield>
</datafield>
<datafield tag="260" ind1=" " ind2=" ">
<subfield code="c">2024</subfield>
</datafield>
<datafield tag="520" ind1=" " ind2=" ">
<subfield code="a">Este Trabajo de Fin de Grado se centra en un análisis exhaustivo de la legislación, predominantemente interna y de alcance nacional, orientada a la protección integral de los menores en nuestro país. El objetivo es ofrecer una visión global y bien fundamentada de los mecanismos legales mediante los cuales el Estado interviene en situaciones de violencia intrafamiliar cuando la víctima es un menor. Este estudio se presenta como una revisión crítica de la normativa y jurisprudencia existente, con el fin de evaluar su eficacia y resaltar áreas susceptibles de mejora en el ámbito de la protección infantil.</subfield>
</datafield>
<datafield tag="520" ind1=" " ind2=" ">
<subfield code="a">This Final Degree Project provides an in-depth analysis of national legislation, particularly that aimed at the comprehensive protection of minors in our country. Its purpose is to offer a broad and detailed perspective on the legal instruments through which the State intervenes in cases of domestic violence when the victim is a minor, assessing the effectiveness and scope of such regulations. It constitutes a critical and thorough review of the existing legislation and relevant case law, examining not only the legal framework but also reflecting on the challenges, gaps, and areas for improvement in the implementation of child protection measures, with the aim of offering proposals for optimization.</subfield>
</datafield>
<datafield tag="024" ind2=" " ind1="8">
<subfield code="a">https://uvadoc.uva.es/handle/10324/76166</subfield>
</datafield>
<datafield tag="245" ind1="0" ind2="0">
<subfield code="a">El delito de violencia intrafamiliar y la protección estatal al menor como víctima</subfield>
</datafield>
</record></metadata></record></GetRecord></OAI-PMH>